Statistiques concernant Les Chansons de l'Eurovision 2017 par lettre

Cliquez ici pour prendre le quiz!

Statistiques générales

  • Ce quiz a été pris 19 fois
  • Le résultat moyen est 11 sur 20

Statistiques - réponses

LettreChansons% Correct
RRunning on air / Rain of revolution / Requiem
100%
AAmar pelos dois / Apollo
79%
BBlackbird / Breathlessly / Beautiful mess
79%
CCity lights
79%
DDon't come easy / Dance alone / Dying to try / Do it for your lover
71%
GGravity / Grab the moment
71%
OOn my way / Origo / Occidentali's karma
71%
II can't go on / In too deep / I feel alive
64%
SSpace / Skeletons / Spirit of the night
57%
VVerona
57%
PPaper / Perfect life
50%
TThis is love
50%
FFlashlight / Fly with me
43%
LLine / Lights and shadows
43%
YYodel it !
43%
KKeep the faith
36%
MMy turn / My friend
36%
NNever give up on you
36%
HHey mamma ! / Historyja majho žyccia
29%
WWorld / Where I am
29%

Distribution des résultats

Percentile par nombre de réponses

% des personnes avec chaque résultat

Votre développement - résultats

Vous n’avez pas pris ce quiz